000 00569nam a2200205 i 4500
001 bg
100 1 _aOAKLAND, John
245 1 0 _aContemporary Britain /
_cJohn Oakland.
260 _aLondon ;
_aNew York :
_bRoutledge,
_c2001.
300 _a253 s. ;
_c25 cm.
650 9 _aWielka Brytania
_xhistoria
_yod 1952 r.
020 _a0415150388
040 _cBPK
041 0 _aen
080 _a94(410)"1952/..."
920 _a0-415-15038-8
942 _cKS
008 s pl f |000 0 pol
999 _c39898
_d39898
856 _uhttp://koha.tu.koszalin.pl/cgi-bin/koha/opac-detail.pl?biblionumber=39898
_yKatalog online BPK